[Event "Nakhchivan op"]
[Site "Nakhchivan"]
[Date "2022.05.08"]
[Round "1"]
[White "Abdullayev, Novruzali"]
[Black "Gasimov, Parviz"]
[Result "0-1"]
[WhiteElo "1268"]
[BlackElo "2331"]
[PlyCount "58"]
[EventDate "2022.05.08"]
[EventType "swiss"]
[EventRounds "9"]
[EventCountry "AZE"]
[SourceTitle "EXT 2023"]
[Source "ChessBase"]
[SourceDate "2022.10.05"]
[SourceVersion "1"]
[SourceVersionDate "2022.10.05"]
[SourceQuality "1"]

1. e4 c5 2. Nf3 Nc6 3. d4 cxd4 4. Nxd4 g6 5. Nxc6 bxc6 6. c3 Bg7 7. Be3 Nf6 8. Nd2 0-0 9. Bd3 d5 10. e5 Ng4 11. Nf3 Nxe3 12. fxe3 Qc7 13. 0-0 Bxe5 14. Nxe5 Qxe5 15. Qd2 Be6 16. Rae1 f5 17. e4 dxe4 18. Qh6 Qc5+ 19. Kh1 Bxa2 20. Rf4 exd3 21. b4 Qxc3 22. Ref1 Qg7 23. Qh3 e5 24. Rh4 Rad8 25. Qe3 e4 26. Qd2 Bf7 27. Rh3 Rfe8 28. Rf4 e3 29. Qe1 d2 0-1